| 000 | 00697cam a2200229 4500 | ||
|---|---|---|---|
| 008 | 000000n1982 000 0 eng u | ||
| 020 | _a0003834301 | ||
| 035 | _a(Sirsi) u110819 | ||
| 050 | _a624.1513 | ||
| 100 | _aSmith G.N. | ||
| 245 | _aElements of soil mechanics for civil and mining engineers. | ||
| 250 | _a5th. ed. | ||
| 260 |
_aLondon _bCollins Professional Books _c1982 |
||
| 300 | _ax, 493p. ; 22cm. | ||
| 650 | _aSOIL ENGINEERING | ||
| 650 | _aSOIL MECHANICS | ||
| 650 | _aEARTH MOVEMENT | ||
| 650 | _aENGINEERING | ||
| 650 | _aBUILT ENVIRONMENT-BUILDING ELEMENTS-COMPLETE BUILDING ELEMENTS-FOUNDATIONS | ||
| 690 | _aBUILDING AND CONSTRUCTION-ENGINEERING | ||
| 942 | _n0 | ||
| 999 |
_c101132 _d101132 |
||